Statistics for Paris Lyrics (The Chainsmokers)

Click here to take the quiz!

General Stats

  • This quiz has been taken 434 times
    (384 since last reset)
  • The average score is 338 of 407

Answer Stats

Answer% Correct
I
100%
Paris
100%
a
99%
in
99%
We
99%
we
99%
to
98%
you
98%
You
98%
the
96%
were
96%
get
95%
staying
95%
your
95%
from
94%
away
93%
parents
93%
and
92%
do
92%
go
90%
down
89%
if
89%
If
89%
together.
88%
together
88%
could
87%
On
85%
on
85%
then
85%
are
82%
better
82%
better.
82%
that
82%
thought
82%
was
81%
Out
80%
out."
80%
say
80%
anything
79%
let
78%
Show
77%
show
77%
them
76%
this
76%
so
74%
it
73%
with
73%
clever
72%
everything
72%
"wow,
72%
now.
71%
of
71%
"How
70%
Let's
70%
don't
69%
right
69%
yourself
69%
terrace
68%
internet
67%
know
67%
We'll
67%
work
67%
cigarette
66%
take
66%
think
65%
shot
62%
They'll
62%
I'm
61%
pictures
61%
by
58%
else"
58%
Posting
58%
someone
58%
but
57%
look
57%
livin'
56%
it's
54%
proud
53%
wasted
52%
fall
51%
there
51%
town
51%
While
51%
small
50%
drunk
49%
standing
49%
fair
48%
for
48%
Getting
46%
our
44%
air
41%
thrill
37%
breathe
35%
own
33%
frown
28%
cuttin'
27%
past
27%
class
21%

Score Distribution

Percentile by Number Answered

Percent of People with Each Score

Your Score History

You have not taken this quiz since the last reset